| 000 | 007120000a22002170004500 | ||
|---|---|---|---|
| 003 | LK-CoMWRAF | ||
| 005 | 20231022145800.0 | ||
| 008 | 230817t2003 ||||| |||| 00| 0 eng d | ||
| 020 | _a9558942006 | ||
| 040 |
_aLK-CoMWRAF _dLK-CoMWRAF _eLK-CoMWRAF |
||
| 041 | _aeng | ||
| 082 |
_a363.259 _bIVA |
||
| 100 | _aIvan, Victor | ||
| 245 |
_aAn Unfinished Struggle; _ban investigative exposure of Sri Lanka's judiciary and the Chief Justice |
||
| 260 |
_aMaharagama: _bRavaya, _c2003 |
||
| 300 | _axxxix, 536 p. : ill. ; 23 cm. | ||
| 650 | _aRAPE-INVESTIGATION-SRI LANKA | ||
| 650 | _a Rape--Investigation--Press coverage--Sri Lanka. | ||
| 650 | _aJudicial corruption--Press coverage--Sri Lanka. | ||
| 942 | _cBK | ||
| 999 |
_c1132 _d1132 |
||